00466nam a22001577a 450000500170000000800410001702000150005804100130007308200150008610000270010124500570012825000180018526000490020330000310025265000250028320231121095532.0231121b |||||||| |||| 00| 0 eng d a0198760973 aEnglish  a342.8 SIE  aSieghart, P lEnglish  aThe International Law of Human Rights / cP Sieghart aFirst Edition aNew York : bOxford University Press, c1983 bxxiv, 569 pages ; c24 cm. aLegal practice bLaw